000 01261pab a2200169 454500
008 180718b2014 xxu||||| |||| 00| 0 eng d
100 _aKnack, Stephen
245 _aBuilding or bypassing recipient country system: Are donors defying the Paris Declaration
260 _c2014
300 _ap.839-854.
362 _aJun
520 _aThe 2005 Paris Declaration committed donors to increased use of recipient country systems for managing aid, particularly in countries with higher-quality systems. Using indicators explicitly endorsed by the Paris Declaration and covering the 2005-2010 period, this study finds a positive, significant, and robust relationship between quality of systems and their use by donors. Thus, donors appear to have modified at least some of their aid practices in ways that build rather than undermine administrative capacity and accountability mechanisms in recipient countries. However, quality of systems explains a relatively small share of the variation in their use, and there is considerable heterogeneity among donors in their use of country systems, and in their sensitivity to quality of systems. - Reproduced.
650 _aDevelopment aid
773 _aJournal of Development Studies
908 _aN
909 _a106503
999 _c106498
_d106498